000
00286nam a22001337a 4500
008
170921b xxu||||| |||| 00| 0 eng d
020
_a
9780786674183
041
_a
eng
080
_a
78
100
_a
45
101
_a
MUZ
245
_a
ACOUSTIC GUIDAR CHORDS
_c
BAY,W
942
_2
udc
_c
BK
999
_c
28742
_d
28742